000 00879nam a2200217 i 4500
001 75978
003 ES-MaACL
005 20250809035350.0
007 t|
008 040928s1948 ag ||||1| spa d
100 1 _aGrispigni, Filippo.
_960092
245 1 0 _aDerecho penal italiano /
_cFilippo Grispigni ; traducido de la 2ª edición original italiana y anotado con la legislación y doctrina de los países latinoamericanos, por Isidoro De Benedetti.
260 _aBuenos Aires :
_bDepalma,
_c1948 (
_fPatagonia)
300 _a1 v. ;
_c24 cm.
490 1 _aBiblioteca jurídica. Sección Derecho. Procedimiento Penal ;
_v6
650 7 _aDerecho penal-
_zItalia
_2
_9155394
700 1 _aDe Benedetti, Isidoro.
_943037
830 0 _aBiblioteca jurídica. Sección Derecho. Procedimiento Penal ;
_v6
_9183513
852 _aES-MaACL
_jP-935
999 _c75978
_d75978